00663nam a2200205Ia 4500003000900000008004100009020001800050040001600068080001700084100002300101245007700124260003800201300001500239650002200254650002900276700002500305942000700330999001500337952010500352IN-BaIIA211028s9999 xx 000 0 eng d a0-471-09245-2 cIIA Library a539.125bLEW aLewis, E. E914054 0aComputational methods of neutron transportcE. E. Lewis and W. F. Miller aNew YorkbJohn Wiley & Sonsc1984 axvi, 401p. aComputation92311 aNeutron transport914055 aMiller, W. F.914056 cBK c8384d8384 00104070aBANbBANcGENd1985-08-06l1o539.125/ LEWp9234r2025-04-16s2024-12-26w1985-08-06yBK